| 000 | 00431nam a2200133Ia 4500 | ||
|---|---|---|---|
| 008 | 231129s2003||||xx |||||||||||||| ||spa|| | ||
| 020 | _a958-8065-69-0 | ||
| 082 | _aER- 472 | ||
| 100 | _aAlcaldía de Pereira. Secretaría de Planeación Municipal. | ||
| 245 | 0 | _aPlan de Ordenamiento Territorial de Pereira | |
| 260 | _c2003 | ||
| 264 | _aPereira: Gráficas Buda 2003 | ||
| 942 |
_2ddc _cBKS |
||
| 999 |
_c22805 _d22805 |
||